000 00852nam a2200229Ia 4500
001 9929
003 GE_BSU
008 181216s||||||||xx |||||||||||||| ||und||
040 _cGE_BSU
080 _a82-93
100 _aმერაბიშვილი,ელგუჯა
245 _aჭორფლიანი მთვარე
245 _bმოთხრ.უფრ.სასკოლო ასაკის ბავშვთ.
245 _cრედ.მ.ახვლედიანი.;მხატვ.გ.წერეთელი
260 _aთბილისი
260 _bნაკადული
260 _c1973
300 _a147გვ.20სმ.
653 _aმოთხრ.უფრ.სასკოლო ასაკის ბავშვთ.
653 _aჭორფლიანი მთვარე
942 _cBK
999 _c43204
_d43204